Measuring Up (Record no. 84803)
[ view plain ]
| 000 -LEADER | |
|---|---|
| fixed length control field | 01116cab a22001935a 4500 |
| 001 - CONTROL NUMBER | |
| control field | L159107 |
| 008 - FIXED-LENGTH DATA ELEMENTS--GENERAL INFORMATION | |
| fixed length control field | 160129e20160123xxk 000 0 eng d |
| 035 ## - SYSTEM CONTROL NUMBER | |
| System control number | (Sirsi) u159107 |
| 041 0# - LANGUAGE CODE | |
| Language code of text/sound track or separate title | eng |
| 100 1# - MAIN ENTRY--PERSONAL NAME | |
| Personal name | Pugh, T. |
| 245 00 - TITLE STATEMENT | |
| Title | Measuring Up |
| 260 ## - PUBLICATION, DISTRIBUTION, ETC. | |
| Date of publication, distribution, etc. | 2016 |
| 490 ## - SERIES STATEMENT | |
| Series statement | Estates Gazette |
| Volume/sequential designation | (1603) 23 January 2016, 76-77(2) |
| 520 ## - SUMMARY, ETC. | |
| Summary, etc. | Looks at how the property industry will be affected by the new RICS Professional Statement for Offices becoming mandatory from January 2016 as part of the new International Property Measurement Standard (IPMS). Explains why IPMS is needed with property investment being a global business but with many of the leading global markets having their own standards for measuring property making it difficult for asset and fund managers to compare properties on a like for like basis. Further considers the changes for the UK and the fact that RICS has acknowledged that for a period of time there will be an element of 'duel reporting' while the industry gets used to the new system. |
| 590 ## - LOCAL NOTE (RLIN) | |
| Local note | KA |
| 651 #4 - SUBJECT ADDED ENTRY--GEOGRAPHIC NAME | |
| Geographic name | International |
| 690 ## - LOCAL SUBJECT ADDED ENTRY--TOPICAL TERM (OCLC, RLIN) | |
| Topical term or geographic name as entry element | Measurement |
| 9 (RLIN) | 6256 |
| 942 ## - ADDED ENTRY ELEMENTS (KOHA) | |
| Suppress in OPAC | 0 |
| Withdrawn status | Lost status | Source of classification or shelving scheme | Damaged status | Not for loan | Home library | Current library | Shelving location | Date acquired | Total Checkouts | Full call number | Barcode | Date last seen | Copy number | Price effective from | Koha item type |
|---|---|---|---|---|---|---|---|---|---|---|---|---|---|---|---|
| Dewey Decimal Classification | London | London | Journal article | 29/01/2016 | L159107 | 159107-1001 | 06/08/2019 | 1 | 06/08/2019 | Journal article |